000 00693nam a2200253 i 4500
001 C2-0098402
003 PPAK
005 20180727094459.0
008 970527s1988 ilua|||| ||||| | eng d
020 _a0880112891
040 _aPPAK
_beng
_cPPAK
_erda
082 0 4 _a796.343
_223
090 0 0 _a796.343
_bTUR
_dG
100 1 _aTurner, Edward t,
_eauthor
245 1 0 _aSkills & strategies for winning racquetball
264 1 _aIllinois :
_bLeisure Press ,
_c1988
300 _axvi, 351 pages :
_billustrations ;
_c23 cm
336 _2rdacontent
_atext
337 _2rdamedia
_aunmediated
338 _2rdacarrier
_avolume
650 1 0 _aRacquetball
700 _eauthor
942 _ddc
_cB
999 _c21858
_d21858